Megnyílt az Ezermesterbolt
Elmentve itt :
| Dokumentumtípus: | Cikk |
|---|---|
| Megjelent: |
1982-07-14
|
| Sorozat: | Délmagyarország
72 No. 163 |
| Kulcsszavak: | egyéb ipari termékek |
| Online Access: | http://dmarchiv.bibl.u-szeged.hu/109052 |
| LEADER | 00406nab a2200145 i 4500 | ||
|---|---|---|---|
| 001 | delm109052 | ||
| 005 | 20190624101422.0 | ||
| 008 | 190624s1982 hu o 0|| hun d | ||
| 040 | |a SZTE Délmagyarország Archívum |b hun | ||
| 041 | |a hun | ||
| 245 | 0 | 0 | |a Megnyílt az Ezermesterbolt |h [elektronikus dokumentum] |
| 260 | |c 1982-07-14 | ||
| 300 | |a 8 | ||
| 490 | 0 | |a Délmagyarország |v 72 No. 163 | |
| 695 | |a egyéb ipari termékek | ||